Văn bản hướng dẫn thi hành Luật thanh tra
Tập hợp các văn bản quy phạm pháp luật của Chính Phủ, ban hành từ tháng 1/2006 tới tháng 6/2007 tiếp tục hướng dẫn thi hành luật thanh tra năm 2004
שמור ב:
| פורמט: | ספר |
|---|---|
| שפה: | Undetermined |
| יצא לאור: |
Hà Nội
Chính trị Quốc gia
2007
|
| נושאים: | |
| תגים: |
הוספת תג
אין תגיות, היה/י הראשונ/ה לתייג את הרשומה!
|
| Thư viện lưu trữ: | Trung tâm Học liệu Trường Đại học Cần Thơ |
|---|
| LEADER | 00818nam a2200205Ia 4500 | ||
|---|---|---|---|
| 001 | CTU_128808 | ||
| 008 | 210402s9999 xx 000 0 und d | ||
| 020 | |c 38000 | ||
| 082 | |a 352.35 | ||
| 082 | |b V115 | ||
| 245 | 0 | |a Văn bản hướng dẫn thi hành Luật thanh tra | |
| 245 | 0 | |c Nhà Xuất bản Chính trị Quốc gia | |
| 260 | |a Hà Nội | ||
| 260 | |b Chính trị Quốc gia | ||
| 260 | |c 2007 | ||
| 520 | |a Tập hợp các văn bản quy phạm pháp luật của Chính Phủ, ban hành từ tháng 1/2006 tới tháng 6/2007 tiếp tục hướng dẫn thi hành luật thanh tra năm 2004 | ||
| 650 | |a Public administration,Internal control | ||
| 650 | |z Viet Nam | ||
| 904 | |i Minh | ||
| 980 | |a Trung tâm Học liệu Trường Đại học Cần Thơ | ||